Actors who worked with Edward Zwick - Statistics

General Stats
  • This quiz has been taken 12 times
  • The average score is 15 of 55
Answer Stats
Films Answer % Correct
Blood Diamond Leonardo DiCaprio
100%
The Last Samurai, Jack Reacher: Never Go Back Tom Cruise
100%
Glory, Courage Under Fire, The Siege Denzel Washington
89%
Glory Matthew Broderick
89%
Glory Morgan Freeman
89%
Love & Other Drugs Anne Hathaway
78%
Blood Diamond Djimon Hounsou
78%
Legends of the Fall Brad Pitt
67%
Love & Other Drugs Jake Gyllenhaal
67%
Legends of the Fall Anthony Hopkins
56%
The Last Samurai Ken Watanabe
56%
Jack Reacher: Never Go Back Cobie Smulders
44%
Defiance Daniel Craig
44%
Pawn Sacrifice Tobey Maguire
44%
Blood Diamond Arnold Vosloo
33%
The Last Samurai Hiroyuki Sanada
33%
Defiance, Pawn Sacrifice Liev Schreiber
33%
Courage Under Fire Matt Damon
33%
The Last Samurai Timothy Spall
33%
The Siege Bruce Willis
22%
Glory Cary Elwes
22%
Defiance Jamie Bell
22%
Blood Diamond Jennifer Connolly
22%
Love & Other Drugs Josh Gad
22%
Trial by Fire Laura Dern
22%
Courage Under Fire Meg Ryan
22%
Legends of the Fall Aiden Quinn
11%
The Siege Annette Bening
11%
The Last Samurai Billy Connolly
11%
About Last Night Demi Moore
11%
Love & Other Drugs George Segal
11%
Love & Other Drugs Hank Azaria
11%
About Last Night Jim Belushi
11%
Courage Under Fire Lou Diamond Phillips
11%
Blood Diamond Michael Sheen
11%
Pawn Sacrifice Michael Stuhlbarg
11%
Love & Other Drugs Oliver Platt
11%
About Last Night Rob Lowe
11%
Courage Under Fire Seth Gilliam
11%
The Last Samurai Tony Goldwyn
11%
The Siege Tony Shalhoub
11%
Courage Under Fire Bronson Pinchot
0%
Leaving Normal Christine Lahti
0%
About Last Night Elizabeth Perkins
0%
Trial by Fire Emily Meade
0%
Love & Other Drugs Gabriel Macht
0%
Defiance George Mackay
0%
Trial by Fire Jack O'Connell
0%
Love & Other Drugs Jaimie Alexander
0%
Love & Other Drugs Judy Greer
0%
Leaving Normal Meg Tilly
0%
Defiance Mia Wasikowska
0%
Courage Under Fire Michael Moriarty
0%
Pawn Sacrifice Peter Sarsgaard
0%
Courage Under Fire Scott Glenn
0%
No matching quizzes found
Score Distribution
Percent of People with Each Score
Percentile by Number Answered
Your Score History
You have not taken this quiz